DOORS Quiz - Statistics

General Stats
  • This quiz has been taken 18 times
  • The average score is 7 of 15
Answer Stats
Question Answer % Correct
Which item is a light source? Lighter
100%
What TWO entities flicker the lights upon arrival? Rush and Blitz
67%
How many subfloors are in the game? 3
60%
What room numbers are for the first Mines Seek Chase? 142-149
53%
When did DOORS release? August 10, 2022
53%
Name one thing added in the Content update? (One is real, the other three are not in the game YET) Glitch Fragment
53%
What entity spawns from the 'Room For More' candy in the Trick Or Treat mode? A-90
47%
What entity is affected by the 'Afterimage' modifier Ambush
40%
Where can you find double doors in DOORS? Item corner room, Library (50 and 51), Mines Seek Chase
40%
How many entities were in the game BEFORE Hotel+? 14
33%
What modifier was removed? Roundabout
33%
When did the Mines release? August 30, 2024
27%
What badge is required to unlock the 'Destiny Still Arrives' modifier It's Not My Time
27%
What is the star next to some people's nametag? Completionist Star
13%
What 3 modifier combinations are seen as impossible? No Laughing Matter, Four Eyes, I Love Pancakes
13%
No matching quizzes found
Score Distribution
Percent of People with Each Score
Percentile by Number Answered
Your Score History
You have not taken this quiz